L'enseignement du francais parlé en Haiti, langue étrangére / (Record no. 12372)

MARC details
000 -LEADER
campo de control de longitud fija 00691cam a2200217 4500
001 - NÚMERO DE CONTROL
campo de control 17286
005 - FECHA Y HORA DE LA ÚLTIMA TRANSACCIÓN
campo de control 20230410101712.0
008 - DATOS DE LONGITUD FIJA--INFORMACIÓN GENERAL
campo de control de longitud fija 060907n1979 ht a fre
041 ## - CÓDIGO DE IDIOMA
Código de lengua del texto/banda sonora o título independiente fre
050 14 - SIGNATURA TOPOGRÁFICA DE LA BIBLIOTECA DEL CONGRESO
Número de clasificación 110 PC 2066
Número de ítem H998e 1979
082 00 - NÚMERO DE LA CLASIFICACIÓN DECIMAL DEWEY
Número de clasificación 448.24
100 1# - ENTRADA PRINCIPAL--NOMBRE DE PERSONA
Nombre de persona Hyppolite, Michelson Paul.
245 12 - MENCIÓN DEL TÍTULO
Título L'enseignement du francais parlé en Haiti, langue étrangére /
Resto del título Michelson Paul Hyppolite.
260 ## - PUBLICACIÓN, DISTRIBUCIÓN, ETC.
Lugar de publicación, distribución, etc. Port-au-Prince, Haiti :
Nombre del editor, distribuidor, etc. Les Editions Fardin
-- 1979.
300 ## - DESCRIPCIÓN FÍSICA
Extensión 171 p.
Otras características físicas ill.
650 #0 - PUNTO DE ACCESO ADICIONAL DE MATERIA--TÉRMINO DE MATERIA
Término de materia o nombre geográfico como elemento de entrada French language
Subdivisión general Study and teaching
-- Haitian students.
650 #0 - PUNTO DE ACCESO ADICIONAL DE MATERIA--TÉRMINO DE MATERIA
Término de materia o nombre geográfico como elemento de entrada French language
Subdivisión general Phonetics.
650 #4 - PUNTO DE ACCESO ADICIONAL DE MATERIA--TÉRMINO DE MATERIA
Término de materia o nombre geográfico como elemento de entrada CEH
650 #4 - PUNTO DE ACCESO ADICIONAL DE MATERIA--TÉRMINO DE MATERIA
Término de materia o nombre geográfico como elemento de entrada Colección Estudios Haitianos
942 ## - ELEMENTOS DE ENTRADA SECUNDARIOS (KOHA)
Fuente del sistema de clasificación o colocación Clasificación de Library of Congress
Tipo de ítem Koha
Holdings
Estatus retirado Estado de pérdida Fuente del sistema de clasificación o colocación Estado de daño No para préstamo Colección Biblioteca de origen Biblioteca actual Ubicación en estantería Fecha de adquisición Serial enumeration / chronology Signatura topográfica completa Código de barras Visto por última vez Copia número Tipo de ítem Koha
    Clasificación de Library of Congress     Recursos Regionales Biblioteca Juan Bosch Biblioteca Juan Bosch Recursos Regionales (2do. Piso) 10/04/2023 1 110 PC 2066 H998e 1979 00000046295 23/10/2018 1